000 01143cam a2200313 a 4500
001 3622
003 FISKH
005 20240328142334.0
008 240328b cb ||||| |||| 00| 0 fre d
010 _a 82073217
020 _a0803712650 (lib. bdg.)
020 _a9782268050683
040 _aDLC
_cDLC
_dDLC
_dOCoLC
_dDLC
_beng
042 _alcac
050 0 0 _aPZ7.B413
_bCu 1983
082 0 0 _a[Fic]
_219
100 1 _aBellairs, John.
245 1 4 _aThe Curse of the Blue Figurine /
_cJohn Bellairs.
250 _a2004
260 _aNew York :
_bDial Books for Young Readers,
_cc1983.
300 _a271 pages :
_c22 cm.
520 _aJohnny Dixon is plunged into a terrifying mystery-adventure when he removes a blue figurine called a ushabt, from church.
650 1 _aMystery and detective stories.
655 7 _aGhost stories.
_2gsafd
856 4 2 _3Contributor biographical information
_uhttps://www.loc.gov/catdir/enhancements/fy1702/82073217-b.html
856 4 2 _3Publisher description
_uhttps://www.loc.gov/catdir/enhancements/fy1702/82073217-d.html
906 _a7
_bcbc
_corignew
_d1
_eopcn
_f19
_gy-gencatlg
942 _2ddc
_cBK
_n0
999 _c3622
_d3622